North eastern region education code (Record no. 1790)
[ view plain ]
| 000 -LEADER | |
|---|---|
| fixed length control field | 00517cam a2200193ua 4500 |
| 001 - CONTROL NUMBER | |
| control field | 1916 |
| 005 - DATE AND TIME OF LATEST TRANSACTION | |
| control field | 20260515113425.0 |
| 008 - FIXED-LENGTH DATA ELEMENTS--GENERAL INFORMATION | |
| fixed length control field | 110811n ii |||gr||||Z||||||eng |
| 040 ## - CATALOGING SOURCE | |
| Transcribing agency | MAIN |
| 082 ## - DEWEY DECIMAL CLASSIFICATION NUMBER | |
| Classification number | 379.5416 |
| 100 ## - MAIN ENTRY--PERSONAL NAME | |
| Personal name | Dewan, V. K., |
| Fuller form of name | (Vijay Kr. Dewan). |
| 245 1# - TITLE STATEMENT | |
| Title | North eastern region education code |
| Statement of responsibility, etc. | by V. K. Dewan |
| 250 ## - EDITION STATEMENT | |
| Edition statement | 2nd. |
| 260 ## - PUBLICATION, DISTRIBUTION, ETC. | |
| Place of publication, distribution, etc. | Allahabad: |
| Name of publisher, distributor, etc. | Orient law house,985. |
| 300 ## - PHYSICAL DESCRIPTION | |
| Extent | xxiv; 552p: |
| Dimensions | 23cm. |
| 653 ## - INDEX TERM--UNCONTROLLED | |
| Uncontrolled term | Education |
| 653 ## - INDEX TERM--UNCONTROLLED | |
| Uncontrolled term | North eastern region education code |
| 942 ## - ADDED ENTRY ELEMENTS (KOHA) | |
| Koha item type | Books |
| Withdrawn status | Lost status | Damaged status | Not for loan | Home library | Current library | Shelving location | Date acquired | Total checkouts | Full call number | Barcode | Date last seen | Copy number | Price effective from | Koha item type |
|---|---|---|---|---|---|---|---|---|---|---|---|---|---|---|
| Naharkatiya College Library | Naharkatiya College Library | General stacks | 09/19/2020 | 379.5416 | DEW | 11451 | 09/19/2020 | 1 | 09/19/2020 | Books |